Cyklady - 10 największych wysp - Statystyki

Ogólne statystyki
  • Ten quiz został rozwiązany 10 razy
  • Średni wynik to 3 z 10
Statystyki odpowiedzi
Powierzchnia wyspy w km2 Odpowiedź % Poprawnych
160 Milos
67%
430 Naksos
67%
165 Paros
44%
90 Santoryn
44%
109 Ios
22%
149 Kea
22%
127 Amorgos
11%
374 Andros
11%
194 Tinos
11%
100 Kitnos
0%
Nie znaleziono quizów pasujących do podanych kryteriów
Rozkład punktacji
Procent ludzi z każdym wynikiem
Percentyl według liczby udzielonych odpowiedzi
Twoja historia wyników
Nie rozwiązałeś tego quizu